Modern digital signal processing an introduction / (Record no. 182776)

000 -LEADER
fixed length control field 00765 a2200181 4500
003 - CONTROL NUMBER IDENTIFIER
control field Nust
005 - DATE AND TIME OF LATEST TRANSACTION
control field 20221214101530.0
020 ## - INTERNATIONAL STANDARD BOOK NUMBER
International Standard Book Number 8173194971
040 ## - CATALOGING SOURCE
Transcribing agency Nust
082 ## - DEWEY DECIMAL CLASSIFICATION NUMBER
Classification number 621.3822,NAI
100 ## - MAIN ENTRY--PERSONAL NAME
Personal name Parbhakar S Naidu
9 (RLIN) 104810
245 ## - TITLE STATEMENT
Title Modern digital signal processing an introduction /
Statement of responsibility, etc. Parbhakar S Naidu
260 ## - PUBLICATION, DISTRIBUTION, ETC.
Place of publication, distribution, etc. New Delhi
Name of publisher, distributor, etc. Narosa Publishing House
Date of publication, distribution, etc. 1998
300 ## - PHYSICAL DESCRIPTION
Extent 406p
505 ## - FORMATTED CONTENTS NOTE
Formatted contents note Signal Analysis (Page-1), Discrete Fourier Transform and Convolution (Page-51), Power Spectrum Analysis (Page-121), Finite Response Filters (Page-165), Infinite Impulse Response Filters (Page-213), Adaptive Filters (Page-267), Beam Formation (Page-311), Digital Signal Processing (Page-359).
650 ## - SUBJECT ADDED ENTRY--TOPICAL TERM
Topical term or geographic name entry element Telecommunication Engineering.
942 ## - ADDED ENTRY ELEMENTS (KOHA)
Source of classification or shelving scheme
Koha item type Book
Holdings
Withdrawn status Lost status Source of classification or shelving scheme Damaged status Not for loan Permanent Location Current Location Shelving location Date acquired Full call number Barcode Date last seen Price effective from Koha item type Public note
          Military College of Signals (MCS) Military College of Signals (MCS) General Stacks 12/12/2016 621.3822,NAI MCS30389 12/08/2016 12/12/2016 Book Almirah No.36, Shelf No.4
© 2023 Central Library, National University of Sciences and Technology. All Rights Reserved.